The cleverness of ladies / (Record no. 428)
[ view plain ]
| 000 -LEADER | |
|---|---|
| fixed length control field | 00619cam a22002298a 4500 |
| 001 - CONTROL NUMBER | |
| control field | 4677002 |
| 005 - DATE AND TIME OF LATEST TRANSACTION | |
| control field | 20200129130615.0 |
| 008 - FIXED-LENGTH DATA ELEMENTS--GENERAL INFORMATION | |
| fixed length control field | 110805s2012 enk 000 j eng|d |
| 015 ## - NATIONAL BIBLIOGRAPHY NUMBER | |
| National bibliography number | GBB1B0330 |
| Source | bnb |
| 020 ## - INTERNATIONAL STANDARD BOOK NUMBER | |
| International Standard Book Number | 9780349000282 (pbk.) : |
| Terms of availability | £1.99 |
| 020 ## - INTERNATIONAL STANDARD BOOK NUMBER | |
| International Standard Book Number | 034900028X (pbk.) : |
| Terms of availability | £1.99 |
| 035 ## - SYSTEM CONTROL NUMBER | |
| System control number | (Uk)015894657 |
| 035 ## - SYSTEM CONTROL NUMBER | |
| System control number | 2586384 |
| 040 ## - CATALOGING SOURCE | |
| Original cataloging agency | StDuBDS |
| Language of cataloging | eng |
| Transcribing agency | StDuBDS |
| 082 04 - DEWEY DECIMAL CLASSIFICATION NUMBER | |
| Classification number | 823.92 |
| Edition information | 23 |
| 100 1# - MAIN ENTRY--PERSONAL NAME | |
| Personal name | McCall Smith, Alexander, |
| Dates associated with a name | 1948- |
| 245 14 - TITLE STATEMENT | |
| Title | The cleverness of ladies / |
| Statement of responsibility, etc. | Alexander McCall Smith. |
| 260 ## - PUBLICATION, DISTRIBUTION, ETC. | |
| Place of publication, distribution, etc. | London : |
| Name of publisher, distributor, etc. | Abacus, |
| Date of publication, distribution, etc. | 2012. |
| 263 ## - PROJECTED PUBLICATION DATE | |
| Projected publication date | 201202 |
| 300 ## - PHYSICAL DESCRIPTION | |
| Extent | 1 v. |
| 942 ## - ADDED ENTRY ELEMENTS (KOHA) | |
| Source of classification or shelving scheme | Dewey Decimal Classification |
| Koha item type | Books |
| Withdrawn status | Lost status | Damaged status | Not for loan | Collection | Home library | Current library | Shelving location | Date acquired | Barcode | Date last seen | Price effective from | Koha item type |
|---|---|---|---|---|---|---|---|---|---|---|---|---|
| Fiction | Centerville | Centerville | Fiction | 12/04/2014 | 39999000017458 | 12/04/2014 | 12/04/2014 | Books |